00300 a2200109 4500001000700000020000600007040001100013100002000024240007100044245006600115362000900181166686 a  cMagnum aBossa, Nadia A.10aA psicopedagogia no brasil: contribuicoes a partir da praticalpor10aA psicopedagogia no brasil: contribuicoes a partir da pratica0 a1899